ՀՀ Գիտությունների ազգային ակադեմիայի հիմնարար գիտական գրադարան  =   Fundamental Scientific Library of NAS RA

Избранное : (Record no. 29474)

MARC details
000 -LEADER
fixed length control field 01335nam a2200265 a 4500
001 - CONTROL NUMBER
control field 000092574
003 - CONTROL NUMBER IDENTIFIER
control field AM-YEHGA
005 - DATE AND TIME OF LATEST TRANSACTION
control field 20250618071112.0
008 - FIXED-LENGTH DATA ELEMENTS--GENERAL INFORMATION
fixed length control field 971222s1952 ai ||||gr|||||||||0|rus|d
040 ## - CATALOGING SOURCE
Original cataloging agency AM-YeHGA
041 1# - LANGUAGE CODE
Language code of text/sound track or separate title rus
Language code of original arm
090 ## - LOCALLY ASSIGNED LC-TYPE CALL NUMBER (OCLC); LOCAL CALL NUMBER (RLIN)
-- 29868
100 1# - MAIN ENTRY--PERSONAL NAME
Personal name Իսահակյան, Ավետիք Սահակի,
Dates associated with a name 1875-1957
9 (RLIN) 963
245 10 - TITLE STATEMENT
Title Избранное :
Remainder of title Перевод с армянского /
Statement of responsibility, etc. А.С. Исаакян ; Предисл. О.Т. Ганаланяна ; Худож. К. Тиратурян ; Под ред. Г. Боряна и С. Шервинского.
260 ## - PUBLICATION, DISTRIBUTION, ETC.
Place of publication, distribution, etc. Ереван :
Name of publisher, distributor, etc. Айпетрат,
Date of publication, distribution, etc. 1952.
300 ## - PHYSICAL DESCRIPTION
Extent 223 с. :
Other physical details портр. ;
Dimensions 22 см.
500 ## - GENERAL NOTE
General note Примечания, стр. 217-218
505 0# - FORMATTED CONTENTS NOTE
Formatted contents note Стихотворения; Песни Алагяза; Поэмы; Баллады и легенды; Басни
650 14 - SUBJECT ADDED ENTRY--TOPICAL TERM
Topical term or geographic name entry element Армянская литература
General subdivision Поэзия
700 1# - ADDED ENTRY--PERSONAL NAME
Personal name Ղանալանյան, Հովհաննես Տիգրանի,
Dates associated with a name 1911-1994
Relator term авт. предисл.
Relationship aui
9 (RLIN) 1695
700 1# - ADDED ENTRY--PERSONAL NAME
Personal name Տիրատուրյան, Կարապետ Թադևոսի,
Dates associated with a name 1911-1975
Relator term худож.
Relationship art
700 1# - ADDED ENTRY--PERSONAL NAME
Personal name Բորյան, Գուրգեն Միքայելի,
Dates associated with a name 1915-1971
Relator term ред.
Relationship edt
9 (RLIN) 2541
700 1# - ADDED ENTRY--PERSONAL NAME
Personal name Шервинский, С.
Relator term ред.
Relationship edt
942 ## - ADDED ENTRY ELEMENTS (KOHA)
Source of classification or shelving scheme Universal Decimal Classification
Koha item type Գրքեր / Books
Holdings
Withdrawn status Lost status Source of classification or shelving scheme Damaged status Not for loan Collection Home library Current library Date acquired Total checkouts Full call number Barcode Date last seen Price effective from Koha item type Public note
    Universal Decimal Classification     General Fundamental Scientific Library Fundamental Scientific Library 21/12/2016   PII/310869 FL0206607 21/12/2016 21/12/2016 Գրքեր / Books 30 Days Loan
    Universal Decimal Classification     General Fundamental Scientific Library Fundamental Scientific Library 21/12/2016   PII/484653 FL0270327 21/12/2016 21/12/2016 Գրքեր / Books 30 Days Loan
    Universal Decimal Classification     General Fundamental Scientific Library Fundamental Scientific Library 20/11/2018   РД II/23008 FL0530032 20/11/2018 20/11/2018 Գրքեր / Books 30 Days Loan


ՀՀ ԳԱԱ հիմնարար գիտական գրադարան
ՀՀ,Երևան 0019
Մարշալ Բաղրամյան 24/6
հեռախոս:(374-10) 52-47-50
Հետադարձ կապ

All site content, except where otherwise noted, is licensed under a
Creative Commons License